Whats is a law of nature

Saved in:
Bibliographic Details
Main Author: Armstrong, D. M (Author)
Format: Book
Language:English
Published: Cambridge Cambridge University Press 1983
Series:Cambridge Studies in Philosophy
Subjects:
Tags: Add Tag
No Tags, Be the first to tag this record!

MARC

LEADER 00000nam a2200000 a 4500
001 UCI5494
003 CL-VaPUC
008 080328e19830000US |||||||||||||||||eng|d
020 |a 052131481X 
082 0 4 |a 113  |b ARM  |2 21 
100 0 |a Armstrong, D. M  |e author  |9 527910 
245 1 0 |a Whats is a law of nature 
300 |a 180 p 
942 |c BK 
945 |d 20080328 00:00:00  |a jtorresc 
260 |a Cambridge  |b Cambridge University Press  |c 1983 
650 0 |a Filosofía de la naturaleza  |9 265899 
650 0 |a Filosofía   |9 223554 
583 |a last modification  |c 20080328 00:00:00  |k Rodrigo Vera 
490 0 |a Cambridge Studies in Philosophy 
999 |c 329232  |d 329230 
952 |0 0  |1 0  |4 0  |6 113_000000000000000_ARM_1983  |7 0  |8 P  |9 413602  |a BIBEDU  |b BIBEDU  |c BIBEDU_PB  |d 2019-11-22  |i 4418786  |o 113 ARM 1983  |p 4418786  |r 2024-01-25  |w 2019-11-22  |y BK  |k FIL